<?xml version="1.0" encoding="UTF-8"?>
<record
    xmlns:xsi="http://www.w3.org/2001/XMLSchema-instance"
    xsi:schemaLocation="http://www.loc.gov/MARC21/slim http://www.loc.gov/standards/marcxml/schema/MARC21slim.xsd"
    xmlns="http://www.loc.gov/MARC21/slim">

  <leader>00470nam a22001697a 4500</leader>
  <controlfield tag="005">20251218120349.0</controlfield>
  <controlfield tag="008">251218b        |||||||| |||| 00| 0 eng d</controlfield>
  <datafield tag="020" ind1=" " ind2=" ">
    <subfield code="a">978-81-203-5046-5</subfield>
  </datafield>
  <datafield tag="100" ind1=" " ind2=" ">
    <subfield code="a">KULKARNI, PARAG</subfield>
  </datafield>
  <datafield tag="245" ind1=" " ind2=" ">
    <subfield code="a">ARTIFICIAL INTELLIGENCE</subfield>
    <subfield code="b">BUILDING INTELLIGENT SYSTEMS</subfield>
  </datafield>
  <datafield tag="260" ind1=" " ind2=" ">
    <subfield code="a">DELHI</subfield>
    <subfield code="b">PHI LEARNING</subfield>
    <subfield code="c">2025</subfield>
  </datafield>
  <datafield tag="300" ind1=" " ind2=" ">
    <subfield code="a">XXII, 506P.</subfield>
  </datafield>
  <datafield tag="500" ind1=" " ind2=" ">
    <subfield code="a">INCLUDES INDEX</subfield>
  </datafield>
  <datafield tag="650" ind1=" " ind2=" ">
    <subfield code="a">ARTIFICIAL INTELLIGENCE</subfield>
  </datafield>
  <datafield tag="700" ind1=" " ind2=" ">
    <subfield code="a">JOSHI, PRACHI</subfield>
  </datafield>
  <datafield tag="942" ind1=" " ind2=" ">
    <subfield code="2">lcc</subfield>
    <subfield code="c">BK</subfield>
  </datafield>
  <datafield tag="999" ind1=" " ind2=" ">
    <subfield code="c">216354</subfield>
    <subfield code="d">216354</subfield>
  </datafield>
  <datafield tag="952" ind1=" " ind2=" ">
    <subfield code="0">0</subfield>
    <subfield code="1">0</subfield>
    <subfield code="2">lcc</subfield>
    <subfield code="4">0</subfield>
    <subfield code="6">Q0335 K85  02025</subfield>
    <subfield code="7">0</subfield>
    <subfield code="8">SCT</subfield>
    <subfield code="9">374016</subfield>
    <subfield code="a">KSUL</subfield>
    <subfield code="b">KSUL</subfield>
    <subfield code="c">DISPLAY</subfield>
    <subfield code="d">2025-12-18</subfield>
    <subfield code="i">110428</subfield>
    <subfield code="l">0</subfield>
    <subfield code="o">Q 335 .K85 2025</subfield>
    <subfield code="p">000000001207</subfield>
    <subfield code="r">2025-12-18 12:05:19</subfield>
    <subfield code="t">C.1</subfield>
    <subfield code="w">2025-12-18</subfield>
    <subfield code="y">BK</subfield>
  </datafield>
  <datafield tag="952" ind1=" " ind2=" ">
    <subfield code="0">0</subfield>
    <subfield code="1">0</subfield>
    <subfield code="2">lcc</subfield>
    <subfield code="4">0</subfield>
    <subfield code="6">Q0335 K85  02025</subfield>
    <subfield code="7">0</subfield>
    <subfield code="8">SCT</subfield>
    <subfield code="9">374017</subfield>
    <subfield code="a">KSUL</subfield>
    <subfield code="b">KSUL</subfield>
    <subfield code="c">DISPLAY</subfield>
    <subfield code="d">2025-12-18</subfield>
    <subfield code="i">110429</subfield>
    <subfield code="l">1</subfield>
    <subfield code="o">Q 335 .K85 2025</subfield>
    <subfield code="p">000000001208</subfield>
    <subfield code="q">2026-05-11</subfield>
    <subfield code="r">2026-02-10 08:49:54</subfield>
    <subfield code="s">2026-02-10</subfield>
    <subfield code="t">C.2</subfield>
    <subfield code="w">2025-12-18</subfield>
    <subfield code="y">BK</subfield>
  </datafield>
  <datafield tag="952" ind1=" " ind2=" ">
    <subfield code="0">0</subfield>
    <subfield code="1">0</subfield>
    <subfield code="2">lcc</subfield>
    <subfield code="4">0</subfield>
    <subfield code="6">Q0335 K85  02025</subfield>
    <subfield code="7">0</subfield>
    <subfield code="8">SCT</subfield>
    <subfield code="9">374018</subfield>
    <subfield code="a">KSUL</subfield>
    <subfield code="b">KSUL</subfield>
    <subfield code="c">DISPLAY</subfield>
    <subfield code="d">2025-12-18</subfield>
    <subfield code="i">110430</subfield>
    <subfield code="l">0</subfield>
    <subfield code="o">Q 335 .K85 2025</subfield>
    <subfield code="p">000000001209</subfield>
    <subfield code="r">2025-12-18 12:05:00</subfield>
    <subfield code="t">C.3</subfield>
    <subfield code="w">2025-12-18</subfield>
    <subfield code="y">BK</subfield>
  </datafield>
  <datafield tag="952" ind1=" " ind2=" ">
    <subfield code="0">0</subfield>
    <subfield code="1">0</subfield>
    <subfield code="2">lcc</subfield>
    <subfield code="4">0</subfield>
    <subfield code="6">Q0335 K85  02025</subfield>
    <subfield code="7">0</subfield>
    <subfield code="8">SCT</subfield>
    <subfield code="9">374019</subfield>
    <subfield code="a">KSUL</subfield>
    <subfield code="b">KSUL</subfield>
    <subfield code="c">DISPLAY</subfield>
    <subfield code="d">2025-12-18</subfield>
    <subfield code="i">110431</subfield>
    <subfield code="l">0</subfield>
    <subfield code="o">Q 335 .K85 2025</subfield>
    <subfield code="p">000000001210</subfield>
    <subfield code="r">2025-12-18 12:05:00</subfield>
    <subfield code="t">C.4</subfield>
    <subfield code="w">2025-12-18</subfield>
    <subfield code="y">BK</subfield>
  </datafield>
</record>
